[Event "Madrid-chT Honor 2223"]
[Site "Madrid"]
[Date "2022.12.18"]
[Round "4.4"]
[White "Adan Bermudez, Sergio"]
[Black "Perez de Aranda, Leonardo Ivan"]
[Result "1-0"]
[WhiteElo "2344"]
[BlackElo "2139"]
[PlyCount "49"]
[EventDate "2022.11.20"]
[EventType "team-tourn"]
[EventRounds "14"]
[EventCountry "ESP"]
[SourceTitle "EXT 2024"]
[Source "ChessBase"]
[SourceDate "2023.10.10"]
[SourceVersion "1"]
[SourceVersionDate "2023.10.10"]
[SourceQuality "1"]
[WhiteTeam "Villalba 64"]
[BlackTeam "Virgen de Atocha"]
[WhiteTeamCountry "ESP"]
[BlackTeamCountry "ESP"]

1. c4 c5 2. Nc3 g6 3. Nf3 Bg7 4. e3 Nf6 5. d4 cxd4 6. exd4 0-0 7. Bg5 d6 8. Qd2 Bg4 9. Be2 Nc6 10. d5 Bxf3 11. gxf3 Ne5 12. f4 Ned7 13. f5 Rc8 14. h4 Ne5 15. h5 Nxc4 16. Bxc4 Rxc4 17. hxg6 fxg6 18. fxg6 Ng4 19. Qe2 Qc8 20. gxh7+ Kh8 21. Bd2 Rxf2 22. Qxe7 Rc7 23. Qe6 Rxc3 24. bxc3 Qc4 25. Qg8# 1-0

[Event "ESP-chT CECLUB Div1"]
[Site "Linares"]
[Date "2018.08.12"]
[Round "7.2"]
[White "Garcia Castany Musellas, Gal La"]
[Black "Perez de Aranda, Leonardo Ivan"]
[Result "1/2-1/2"]
[WhiteElo "2203"]
[BlackElo "2107"]
[PlyCount "170"]
[EventDate "2018.08.06"]
[EventType "team-tourn"]
[EventRounds "7"]
[EventCountry "ESP"]
[SourceTitle "CBM 185 Extra"]
[Source "ChessBase"]
[SourceDate "2018.07.29"]
[SourceVersion "1"]
[SourceVersionDate "2018.07.29"]
[SourceQuality "1"]
[WhiteTeam "Barbera"]
[BlackTeam "Virgen de Atocha"]
[WhiteTeamCountry "ESP"]
[BlackTeamCountry "ESP"]

1. e4 c5 2. Nf3 d6 3. d4 cxd4 4. Qxd4 a6 5. c4 Nc6 6. Qe3 Nf6 7. h3 e6 8. Be2 Be7 9. 0-0 0-0 10. Nc3 b6 11. Rd1 Qc7 12. b3 Bb7 13. Ba3 d5 14. Bxe7 Nxe7 15. cxd5 exd5 16. Rac1 Qc5 17. Nd4 dxe4 18. Nxe4 Qe5 19. Nxf6+ Qxf6 20. Bf3 Bxf3 21. Qxf3 Qxf3 22. Nxf3 Rac8 23. Rxc8 Rxc8 24. Rd6 Nc6 25. Ng5 h6 26. Ne4 Rc7 27. Ng3 Kf8 28. Nf5 h5 29. Ne3 Ke7 30. Rd2 Rb7 31. Nf5+ Kf8 32. Rc2 Ne7 33. Ne3 g6 34. Kf1 Rd7 35. Ke2 Nd5 36. Rc6 Rc7 37. Rd6 Nxe3 38. Kxe3 Rc2 39. Rxb6 Rxa2 40. Rb7 Kg7 41. g4 h4 42. g5 a5 43. Kf3 a4 44. bxa4 Rxa4 45. Re7 Kf8 46. Re4 Ra5 47. Kg4 f5+ 48. gxf6 Kf7 49. Rb4 Kxf6 50. Rb6+ Kg7 51. Kxh4 Ra4+ 52. Kg5 Ra5+ 53. Kg4 Ra4+ 54. f4 Ra1 55. Kf3 Ra3+ 56. Kg4 Ra1 57. Rb3 Kf6 58. Kf3 Ra6 59. Rd3 Rb6 60. Ke4 Re6+ 61. Kf3 Rb6 62. Rc3 Ra6 63. Ke4 Re6+ 64. Kf3 Rb6 65. h4 Ra6 66. Rc5 Ra3+ 67. Kg4 Ra6 68. h5 gxh5+ 69. Rxh5 Kg7 70. Rf5 Kg6 71. Rb5 Kf6 72. Rb4 Kg6 73. Rb1 Kf6 74. Rh1 Kg7 75. Kg5 Ra5+ 76. f5 Ra6 77. Rb1 Kf7 78. Rb7+ Kf8 79. Rd7 Rb6 80. Rh7 Kg8 81. Re7 Kf8 82. f6 Rb1 83. Re5 Rg1+ 84. Kf5 Ra1 85. Rb5 Rf1+ 1/2-1/2

[Event "Madrid-ch final"]
[Site "Madrid"]
[Date "2016.06.09"]
[Round "4"]
[White "Perez de Aranda, Leonardo Ivan"]
[Black "Cabanas Bravo, Juan Andres"]
[Result "1/2-1/2"]
[WhiteElo "2092"]
[BlackElo "1992"]
[PlyCount "60"]
[EventDate "2016.06.06"]
[EventType "swiss"]
[EventRounds "7"]
[EventCountry "ESP"]
[SourceTitle "CBM 172 Extra"]
[Source "ChessBase"]
[SourceDate "2016.06.21"]
[SourceVersion "1"]
[SourceVersionDate "2016.06.21"]
[SourceQuality "1"]

1. Nf3 Nf6 2. g3 g6 3. Bg2 Bg7 4. 0-0 0-0 5. d3 d5 6. Nbd2 d4 7. Nc4 c5 8. Nfe5 Nd5 9. a4 Na6 10. e4 dxe3 11. fxe3 Be6 12. Qe2 Qc7 13. e4 Ndb4 14. Bf4 g5 15. Nxf7 gxf4 16. Ng5 Bxc4 17. dxc4 fxg3 18. Qh5 gxh2+ 19. Kh1 h6 20. Bh3 Qe5 21. Rf5 Rxf5 22. Bxf5 Rf8 23. Rf1 Rf6 24. Qe8+ Bf8 25. Nh7 Rxf5 26. exf5 Qe4+ 27. Kxh2 Qe2+ 28. Kg1 Qg4+ 29. Kh2 Qh4+ 30. Kg2 Qg4+ 1/2-1/2

[Event "Madrid-ch sf-B"]
[Site "Madrid"]
[Date "2016.04.01"]
[Round "8"]
[White "Perez de Aranda, Leonardo Ivan"]
[Black "Vukotic Jovsic, Dragan"]
[Result "1-0"]
[WhiteElo "2082"]
[BlackElo "1977"]
[PlyCount "113"]
[EventDate "2016.03.03"]
[EventType "swiss"]
[EventRounds "9"]
[EventCountry "ESP"]
[SourceTitle "EXT 2017"]
[Source "ChessBase"]
[SourceDate "2016.10.25"]
[SourceVersion "1"]
[SourceVersionDate "2016.10.25"]
[SourceQuality "1"]

1. e4 c5 2. c4 Nc6 3. Nc3 e6 4. g3 g6 5. Bg2 Bg7 6. Nge2 Nge7 7. 0-0 0-0 8. Rb1 a6 9. a3 Qa5 10. d3 d6 11. Be3 Nd4 12. b4 Qc7 13. f4 Rb8 14. e5 dxe5 15. bxc5 Nef5 16. Bf2 Qxc5 17. g4 Nxe2+ 18. Nxe2 Nd4 19. fxe5 Bxe5 20. Ng3 Qxa3 21. Qd2 b5 22. Ne4 Qe7 23. Rbe1 Bb7 24. Qh6 Bg7 25. Bh4 Bxe4 26. Qxg7+ Kxg7 27. Bxe7 Bxg2 28. Kxg2 Nc2 29. Re2 Nd4 30. Bf6+ Kg8 31. Bxd4 Rfd8 32. Be5 Rb7 33. cxb5 axb5 34. d4 f5 35. g5 Kf7 36. Rb1 Ra8 37. Reb2 Ra5 38. Rc2 b4 39. Rc8 b3 40. Rc7+ Rxc7 41. Bxc7 Rb5 42. Rb2 Ke7 43. Kf3 Kd7 44. Be5 Kc6 45. Ke3 Kb6 46. Kd3 Ka5 47. Kc3 Ka4 48. Rb1 Rb7 49. Ra1+ Kb5 50. Kxb3 Kc6+ 51. Kc4 Kd7 52. Kc5 Rb2 53. Ra7+ Ke8 54. Rxh7 Rg2 55. Kd6 Rxg5 56. Kxe6 Rh5 57. Rxh5 1-0

[Event "Madrid-ch sf-B"]
[Site "Madrid"]
[Date "2015.03.13"]
[Round "4"]
[White "Martin Hernandez, Vicente"]
[Black "Perez de Aranda, Leonardo Ivan"]
[Result "1/2-1/2"]
[WhiteElo "1935"]
[BlackElo "2094"]
[PlyCount "74"]
[EventDate "2015.03.05"]
[EventType "swiss"]
[EventRounds "9"]
[EventCountry "ESP"]
[SourceTitle "CBM 165 Extra"]
[Source "ChessBase"]
[SourceDate "2015.04.21"]
[SourceVersion "1"]
[SourceVersionDate "2015.04.21"]
[SourceQuality "1"]

1. d4 d5 2. c4 dxc4 3. Nc3 Nf6 4. Nf3 a6 5. a4 Nc6 6. d5 Na5 7. e4 e6 8. Bg5 Be7 9. Be2 0-0 10. 0-0 h6 11. Bxf6 Bxf6 12. e5 Be7 13. dxe6 Bxe6 14. Qc2 c5 15. Rad1 Qc7 16. Nd5 Bxd5 17. Rxd5 Rad8 18. Bxc4 Nxc4 19. Qxc4 Rxd5 20. Qxd5 Rd8 21. Qc4 Qc6 22. b3 b5 23. axb5 axb5 24. Qc3 Qd5 25. h3 Qd3 26. Rc1 Qxc3 27. Rxc3 Rd1+ 28. Kh2 Kf8 29. Kg3 Ke8 30. Kf4 Kd7 31. Ke4 Kc6 32. Rc2 Rb1 33. Rc3 Rb2 34. Nd4+ Kb6 35. Nf5 Re2+ 36. Re3 Rxe3+ 37. Nxe3 Kc6 1/2-1/2

[Event "Madrid-ch sf-A"]
[Site "Madrid"]
[Date "2014.03.17"]
[Round "4"]
[White "Alvarez Abejon, Amilcar"]
[Black "Perez de Aranda, Leonardo Ivan"]
[Result "1/2-1/2"]
[WhiteElo "2054"]
[BlackElo "2117"]
[PlyCount "89"]
[EventDate "2014.03.10"]
[EventType "swiss"]
[EventRounds "9"]
[EventCountry "ESP"]
[SourceTitle "EXT 2015"]
[Source "ChessBase"]
[SourceDate "2014.11.20"]
[SourceVersion "1"]
[SourceVersionDate "2014.11.20"]
[SourceQuality "1"]

1. e4 d6 2. d4 Nf6 3. Nc3 e5 4. dxe5 dxe5 5. Qxd8+ Kxd8 6. Bg5 Be6 7. 0-0-0+ Kc8 8. f4 exf4 9. e5 Nfd7 10. Nf3 h6 11. Bxf4 g5 12. Bg3 Bg7 13. Nb5 Nc6 14. Nbd4 Nxd4 15. Nxd4 Bg4 16. Re1 Nb6 17. Bd3 Re8 18. Rhf1 Bh5 19. Bf5+ Kb8 20. Bh3 g4 21. Bxg4 Bxg4 22. Rxf7 Bf8 23. Nb5 Nd5 24. e6 Bd6 25. Nxd6 cxd6 26. Bxd6+ Kc8 27. c4 Bxe6 28. Rxe6 Rxe6 29. Rf8+ Kd7 30. Rxa8 Nb6 31. Rxa7 Kxd6 32. Rxb7 Nxc4 33. b3 Kc6 34. Rh7 Nd6 35. Kd2 Ne4+ 36. Kd3 Nc5+ 37. Kd2 Kb6 38. Rg7 Kb5 39. h4 Ra6 40. a4+ Kb4 41. a5 Nxb3+ 42. Ke3 Rxa5 43. g4 Ra4 44. Rg6 Kc5 45. Rxh6 1/2-1/2

[Event "Madrid-chT 1314"]
[Site "Madrid"]
[Date "2014.03.15"]
[Round "14.46"]
[White "Ortega Ruiz, Jose Miguel"]
[Black "Perez de Aranda, Leonardo Ivan"]
[Result "1/2-1/2"]
[WhiteElo "2366"]
[BlackElo "2115"]
[PlyCount "133"]
[EventDate "2013.11.16"]
[EventType "team-tourn"]
[EventRounds "14"]
[EventCountry "ESP"]
[SourceTitle "EXT 2015"]
[Source "ChessBase"]
[SourceDate "2014.11.20"]
[SourceVersion "1"]
[SourceVersionDate "2014.11.20"]
[SourceQuality "1"]
[WhiteTeam "Collado Villalba"]
[BlackTeam "Virgen de Atocha"]
[WhiteTeamCountry "ESP"]
[BlackTeamCountry "ESP"]

1. d4 d5 2. c4 dxc4 3. e3 e5 4. Bxc4 Nc6 5. Nf3 exd4 6. exd4 Bb4+ 7. Nc3 Nf6 8. Qe2+ Qe7 9. Qxe7+ Nxe7 10. 0-0 Bg4 11. Ne5 Be6 12. Bxe6 fxe6 13. Nd3 Nc6 14. Nxb4 Nxb4 15. Bf4 Nbd5 16. Be5 Nxc3 17. bxc3 0-0-0 18. Rfe1 Rhe8 19. Re2 Rd7 20. Rae1 Nd5 21. Rc1 Rf7 22. Re4 Ref8 23. Bg3 Rf6 24. f3 g5 25. Be5 Rg6 26. c4 Nf6 27. Re2 Nd7 28. Bg3 Nb6 29. a4 a5 30. h3 Rf5 31. d5 exd5 32. c5 Nc4 33. Re7 Rc6 34. Rce1 b6 35. Rxh7 d4 36. cxb6 Nxb6 37. h4 gxh4 38. Rxh4 Rd5 39. Rd1 d3 40. Be1 Nc4 41. Bc3 d2 42. Kf2 Rd3 43. Rxc4 Rxc4 44. Bxa5 Rxa4 45. Bxd2 c5 46. g4 Kd7 47. g5 Ke6 48. Re1+ Kf5 49. Bc1 Rc4 50. Ke2 Rcc3 51. f4 c4 52. Kf1 Rc2 53. Be3 c3 54. Bc1 Rd5 55. Kg1 Ra5 56. Be3 Raa2 57. Bd4 Kxf4 58. g6 Rg2+ 59. Kf1 Rxg6 60. Be3+ Kf3 61. Bd4 Rd2 62. Ba7 Rh6 63. Re3+ Kf4 64. Re2 Rh1+ 65. Kg2 Rxe2+ 66. Kxh1 Kg3 67. Bg1 1/2-1/2

[Event "Madrid-chT 1314"]
[Site "Madrid"]
[Date "2014.03.01"]
[Round "12.16"]
[White "Sanchez Rojo, Gustavo"]
[Black "Perez de Aranda, Leonardo Ivan"]
[Result "1/2-1/2"]
[WhiteElo "2172"]
[BlackElo "2115"]
[PlyCount "25"]
[EventDate "2013.11.16"]
[EventType "team-tourn"]
[EventRounds "14"]
[EventCountry "ESP"]
[SourceTitle "EXT 2015"]
[Source "ChessBase"]
[SourceDate "2014.11.20"]
[SourceVersion "1"]
[SourceVersionDate "2014.11.20"]
[SourceQuality "1"]
[WhiteTeam "La Casa del Ajedrez"]
[BlackTeam "Virgen de Atocha"]
[WhiteTeamCountry "ESP"]
[BlackTeamCountry "ESP"]

1. e4 c5 2. Nc3 Nc6 3. f4 g6 4. Nf3 Bg7 5. Bb5 Nd4 6. 0-0 e6 7. e5 Ne7 8. Ne4 Nxb5 9. a4 Nd4 10. Nd6+ Kf8 11. Ng5 Qc7 12. Ngxf7 Rg8 13. g4 1/2-1/2

[Event "ESP-chT CECLUB Honor"]
[Site "Linares"]
[Date "2013.09.11"]
[Round "4.2"]
[White "Argandona Riveiro, Inigo"]
[Black "Perez de Aranda, Leonardo Ivan"]
[Result "1-0"]
[WhiteElo "2386"]
[BlackElo "2105"]
[PlyCount "61"]
[EventDate "2013.09.08"]
[EventType "team-tourn"]
[EventRounds "7"]
[EventCountry "ESP"]
[SourceTitle "CBM 156 Extra"]
[Source "ChessBase"]
[SourceDate "2013.10.22"]
[SourceVersion "1"]
[SourceVersionDate "2013.10.22"]
[SourceQuality "1"]
[WhiteTeam "Taldea Gros Xake"]
[BlackTeam "Atocha VTI"]
[WhiteTeamCountry "ESP"]
[BlackTeamCountry "ESP"]

1. c4 e5 2. Nc3 Nc6 3. g3 Bc5 4. Bg2 a6 5. e3 Nf6 6. Nge2 Ba7 7. 0-0 h5 8. d4 h4 9. d5 Ne7 10. d6 Nf5 11. dxc7 Qxc7 12. Nd5 Nxd5 13. Qxd5 Ne7 14. Qd3 d6 15. Rd1 Bg4 16. b3 hxg3 17. hxg3 0-0-0 18. Ba3 Rh6 19. Rd2 f5 20. Nc3 e4 21. Nxe4 fxe4 22. Qxe4 Bh5 23. g4 Be8 24. g5 Rg6 25. Qf4 Bc6 26. Bh3+ Kb8 27. Rad1 Rh8 28. Bxd6 Rxd6 29. Rxd6 Rxh3 30. Rd8+ Nc8 31. Rxc8+ 1-0

[Event "Richardson UTD op"]
[Site "Richardson"]
[Date "2013.03.13"]
[Round "9"]
[White "Perez de Aranda, Leonardo Ivan"]
[Black "Li, Ruifeng"]
[Result "0-1"]
[WhiteElo "2109"]
[BlackElo "2173"]
[PlyCount "80"]
[EventDate "2013.03.09"]
[EventType "swiss"]
[EventRounds "9"]
[EventCountry "USA"]
[SourceTitle "CBM 153 Extra"]
[Source "ChessBase"]
[SourceDate "2013.04.22"]
[SourceVersion "1"]
[SourceVersionDate "2013.04.22"]
[SourceQuality "1"]

1. e4 g6 2. d4 Bg7 3. Nc3 d6 4. f4 Nf6 5. Nf3 0-0 6. Be2 b6 7. 0-0 Bb7 8. e5 Ne4 9. Nxe4 Bxe4 10. Ng5 Bb7 11. e6 f6 12. Nf7 Qc8 13. f5 Be4 14. Bd3 Qb7 15. Qg4 Bxd3 16. cxd3 Rxf7 17. fxg6 Rf8 18. Qh5 hxg6 19. Qxg6 Qd5 20. Rf3 Qxe6 21. Bh6 Qf7 22. Qe4 Bxh6 23. Qxa8 d5 24. Qxa7 e6 25. Raf1 f5 26. Rh3 Bg7 27. Rf4 Nc6 28. Qa4 Ne7 29. Qd1 Ng6 30. Qh5 Qf6 31. Rf2 Kf7 32. Rc2 Qxd4+ 33. Kf1 c5 34. Rg3 Qf6 35. d4 Rh8 36. Qe2 Qxd4 37. Rxg6 Kxg6 38. Qxe6+ Qf6 39. Qxd5 Rxh2 40. Kg1 Rh4 0-1

[Event "Madrid-chT 1213 Honor"]
[Site "Madrid"]
[Date "2013.01.27"]
[Round "7.46"]
[White "Perez de Aranda, Leonardo Ivan"]
[Black "Perez Gonzalez, Jose Manuel"]
[Result "0-1"]
[WhiteElo "2109"]
[BlackElo "2314"]
[PlyCount "84"]
[EventDate "2012.11.18"]
[EventType "team"]
[EventRounds "14"]
[EventCountry "ESP"]
[SourceTitle "EXT 2014"]
[Source "ChessBase"]
[SourceDate "2013.11.20"]
[SourceVersion "1"]
[SourceVersionDate "2013.11.20"]
[SourceQuality "1"]
[WhiteTeam "Virgen de Atocha"]
[BlackTeam "Amigos del Retiro"]
[WhiteTeamCountry "ESP"]
[BlackTeamCountry "ESP"]

1. e4 c5 2. c4 Nc6 3. Nc3 g6 4. g3 Bg7 5. Bg2 d6 6. Nge2 Nf6 7. 0-0 0-0 8. f4 Bg4 9. h3 Bxe2 10. Nxe2 Nd7 11. d3 Rb8 12. Rb1 Nd4 13. Be3 Nxe2+ 14. Qxe2 b5 15. g4 bxc4 16. dxc4 Rb6 17. g5 Qb8 18. Rf2 Qc7 19. f5 Rfb8 20. b3 a5 21. f6 exf6 22. Rbf1 a4 23. bxa4 Rb1 24. gxf6 Nxf6 25. Qd3 Rxf1+ 26. Qxf1 Nh5 27. e5 Rf8 28. Rb2 Bxe5 29. Rb7 Qd8 30. Bd5 Qh4 31. Qf2 Bg3 32. Qf3 Nf6 33. a5 Nxd5 34. cxd5 Qxh3 35. a6 Bh2+ 36. Kf2 Bg1+ 37. Ke2 Qh2+ 38. Kd3 Qxa2 39. Ra7 Qb3+ 40. Ke2 Qb6 41. Bxg1 Qxa7 42. Qd3 Ra8 0-1

[Event "Madrid Oliver Gonzalez Memorial-A 3rd"]
[Site "Madrid"]
[Date "2012.09.03"]
[Round "3"]
[White "Perez de Aranda, Leonardo Ivan"]
[Black "Perez Gonzalez, Jose Manuel"]
[Result "0-1"]
[WhiteElo "2113"]
[BlackElo "2333"]
[PlyCount "72"]
[EventDate "2012.09.01"]
[EventType "swiss"]
[EventRounds "9"]
[EventCountry "ESP"]
[SourceTitle "CBM 150 Extra"]
[Source "ChessBase"]
[SourceDate "2012.10.19"]
[SourceVersion "1"]
[SourceVersionDate "2012.10.19"]
[SourceQuality "1"]

1. e4 d6 2. d4 Nf6 3. Nc3 g6 4. f4 Bg7 5. Nf3 0-0 6. Be2 c5 7. dxc5 Qa5 8. 0-0 Qxc5+ 9. Kh1 Nc6 10. Qe1 Bg4 11. Bd3 Bxf3 12. Rxf3 Nb4 13. Be3 Nxd3 14. cxd3 Qb4 15. Bd2 e6 16. Nd5 Qa4 17. Nxf6+ Bxf6 18. Bc3 Bxc3 19. Qxc3 Rac8 20. Qf6 Qxa2 21. Raf1 Rc2 22. f5 exf5 23. exf5 Qxb2 24. fxg6 Qxf6 25. gxh7+ Kxh7 26. Rxf6 Rc7 27. Rxd6 b5 28. g4 b4 29. g5 Rb8 30. Rxf7+ Rxf7 31. g6+ Kg7 32. gxf7 b3 33. f8Q+ Kxf8 34. Rf6+ Kg7 35. Rf1 b2 36. Rb1 a5 0-1